000 00423cam a22001217a 4500
008 180718b1985 xxu||||| |||| 00| 0 eng d
082 _aA81x54 In2/81/24/PT6A&B
100 _aCensus of India 1981
245 _aAndaman and Nicobar Islands: fertility tables
260 _aDelhi
_bThe Controller of Publications
_c1985
300 _a345+p.
440 _aCensus of India 1981. Series-24, Andaman and Nicobar Islands. Part-VI-A & B
999 _c482701
_d482701